000 02126nam2a22002891 4500
001 rc\3955531
005 20250611035031.0
021 _aRU
_b[57-1381]
035 _a(NLR Aleph) 008047311
090 _a8919246
_c8919246
100 _a20130415d1956 |||y0rusy50 ca
101 0 _arus
102 _aRU
105 _aa z |||||
200 1 _a[О влиянии оросительных каналов и систем на режим грунтовых вод земельных массивов и методы управления им]
_fА.Н. Костяков
210 _d1956
_aБ. м.
215 _a451 с.
_cчерт.
320 _aБиблиогр. в конце статей
423 0 _11010#$arus
_12001#$a[Фильтрация из каналов и ее влияние на режим грунтовых вод]$fС.Ф. Аверьянов
_1700#1$aАверьянов$bС.Ф.
_t[Фильтрация из каналов и ее влияние на режим грунтовых вод]
_aАверьянов, С.Ф.
423 0 _11010#$arus
_12001#$a[Типы режимов грунтовых вод под орошаемыми массивами]$fН.Н. Фаворин
_1700#1$aФаворин$bН.Н.
_t[Типы режимов грунтовых вод под орошаемыми массивами]
_aФаворин, Н.Н.
461 0 _1001rc\3955530
_12001#$aВлияние оросительных систем на режим грунтовых вод$eСб. 1-$fАкад. наук СССР. Секция по науч. разработке проблем водного хозяйства$vСб. 1
_98919242
_cМосква
_d1956
_fАкад. наук СССР. Секция по науч. разработке проблем водного хозяйства
_nИзд-во Акад. наук СССР
_oСб. 1-
_tВлияние оросительных систем на режим грунтовых вод
_vСб. 1
700 1 _aКостяков
_bА.Н.
_gАлексей Николаевич
801 0 _aRU
_bNLR
_gpsbo
801 1 _aRU
_bELAR
_2rusmarc
852 _aNLR
_j57-7/116
942 _cBOOK
980 _aNB